| 000 | 00453nam a22001577a 4500 | ||
|---|---|---|---|
| 003 | OSt | ||
| 005 | 20220909152221.0 | ||
| 008 | 220909b |||||||| |||| 00| 0 eng d | ||
| 040 | _cBiblioteca Lado V | ||
| 082 |
_a779 _bC335m |
||
| 110 | _aCasa Santa Ana | ||
| 245 |
_aMiradas/ _bRetratos en la fotografía contemporánea/ |
||
| 260 |
_aPanamá _bCasa Santa Ana _c2015 |
||
| 300 |
_a4p. _c15x21cm |
||
| 942 |
_2ddc _c1 _h779 _iC335m _n0 |
||
| 999 |
_c1975 _d1975 |
||